00512nam a2200181Ia 450000500170000000800410001702000180005804100080007608200160008410000100010024500650011025000120017526000520018730000090023950000360024865000360028470000100032020230420144758.0230125s9999 xx 000 0 und d a9789351108917 aeng a658.15bSEN aSen J aMutual Funds In India : Vehicle For Fixed Income Investments a2nd Ed. c2018bShroff publisher and distributorsaMumbai a253p aFinancial services;Mutual Funds aFinancial services Mutual Funds aSen J